Long Track Speed Skating Canadian National records - Statistics

General Stats
  • This quiz has been taken 21 times
    4 since last reset
  • The average score is 8 of 10
Answer Stats
Distance Skater % Correct
500m Ladies Catriona Lemay Doan
100%
10000m Men Graeme Fish
100%
5000m Ladies Isabelle Weidemann
100%
1500m Ladies Ivanie Blondin
100%
500m Men Jeremy Wotherspoon
100%
5000m Men Ted-Jan Bloemen
100%
1000m Ladies Christine Nesbitt
67%
3000m Ladies Cindy Klassen
67%
1500m Men Denny Morrison
67%
1000m Men Vincent de Haitre
33%
No matching quizzes found
Score Distribution
Percent of People with Each Score
Percentile by Number Answered
Your Score History
You have not taken this quiz since the last reset